[Event "DEM U16 2024"]
[Site "Willingen GER"]
[Date "2024.05.22"]
[Round "6"]
[White "Krüger, Arthur"]
[Black "Windmüller, Simon"]
[Result "1-0"]
[Termination "normal"]
[Board "11"]
[WhiteElo "1958"]
[BlackElo "2041"]
[WhiteClock "00:19:53"]
[BlackClock "00:56:52"]
[PlyCount "89"]
[WhiteFideId "16244966"]
[BlackFideId "16274032"]
[EventCountry "GER"]
[EventRounds "9"]
[EventType "swiss"]
[EventDate "2024.05.18"]

1. d4 {[%clk 01:30:57]} {[%emt 00:00:02]} d5 {[%clk 01:30:42]} {[%emt
00:00:18]} 2. Nf3 {[%clk 01:31:15]} {[%emt 00:00:13]} e6 {[%clk 01:30:52]}
{[%emt 00:00:20]} 3. c3 {[%clk 01:29:49]} {[%emt 00:01:56]} Nf6 {[%clk
01:29:39]} {[%emt 00:01:42]} 4. Bf4 {[%clk 01:30:02]} {[%emt 00:00:16]} c5
{[%clk 01:30:00]} {[%emt 00:00:09]} 5. e3 {[%clk 01:29:58]} {[%emt 00:00:35]}
Nc6 {[%clk 01:30:23]} {[%emt 00:00:08]} 6. Nbd2 {[%clk 01:29:37]} {[%emt
00:00:51]} cxd4 {[%clk 01:28:29]} {[%emt 00:02:24]} 7. exd4 {[%clk 01:29:38]}
{[%emt 00:00:29]} Nh5 {[%clk 01:28:33]} {[%emt 00:00:26]} 8. Bg5 {[%clk
01:23:03]} {[%emt 00:07:04]} f6 {[%clk 01:28:45]} {[%emt 00:00:18]} 9. Bh4
{[%clk 01:22:03]} {[%emt 00:01:30]} Bd6 {[%clk 01:26:33]} {[%emt 00:02:42]} 10.
Bg3 {[%clk 00:57:39]} {[%emt 00:24:55]} Nxg3 {[%clk 01:26:50]} {[%emt
00:00:13]} 11. hxg3 {[%clk 00:57:40]} {[%emt 00:00:29]} g6 {[%clk 01:21:22]}
{[%emt 00:05:58]} 12. Bd3 {[%clk 00:49:03]} {[%emt 00:09:07]} O-O {[%clk
01:21:31]} {[%emt 00:00:19]} 13. Qc2 {[%clk 00:40:43]} {[%emt 00:08:52]} f5
{[%clk 01:21:45]} {[%emt 00:00:17]} 14. Bb5 {[%clk 00:28:01]} {[%emt 00:13:12]}
Bd7 {[%clk 01:21:38]} {[%emt 00:00:37]} 15. Bxc6 {[%clk 00:22:45]} {[%emt
00:05:46]} Bxc6 {[%clk 01:22:06]} {[%emt 00:00:01]} 16. Kf1 {[%clk 00:20:39]}
{[%emt 00:02:36]} Rc8 {[%clk 01:17:27]} {[%emt 00:05:07]} 17. Re1 {[%clk
00:19:50]} {[%emt 00:01:20]} Qf6 {[%clk 01:12:37]} {[%emt 00:05:20]} 18. Ne5
{[%clk 00:19:18]} {[%emt 00:01:03]} a6 {[%clk 01:08:12]} {[%emt 00:04:54]} 19.
Ndf3 {[%clk 00:18:44]} {[%emt 00:01:05]} Kg7 {[%clk 00:40:40]} {[%emt
00:28:02]} 20. Qd2 {[%clk 00:15:56]} {[%emt 00:03:19]} h5 {[%clk 00:40:59]}
{[%emt 00:00:10]} 21. Ng5 {[%clk 00:14:13]} {[%emt 00:02:14]} Bxe5 {[%clk
00:40:41]} {[%emt 00:00:47]} 22. Rxe5 {[%clk 00:14:32]} {[%emt 00:00:11]} Bd7
{[%clk 00:40:46]} {[%emt 00:00:24]} 23. f4 {[%clk 00:11:28]} {[%emt 00:03:34]}
b5 {[%clk 00:39:59]} {[%emt 00:01:17]} 24. Kf2 {[%clk 00:10:57]} {[%emt
00:01:01]} Rc6 {[%clk 00:37:00]} {[%emt 00:03:29]} 25. Nf3 {[%clk 00:09:09]}
{[%emt 00:02:19]} Rfc8 {[%clk 00:36:11]} {[%emt 00:01:18]} 26. Ree1 {[%clk
00:08:24]} {[%emt 00:01:16]} Be8 {[%clk 00:32:56]} {[%emt 00:03:44]} 27. Ne5
{[%clk 00:08:38]} {[%emt 00:00:17]} Rb6 {[%clk 00:33:11]} {[%emt 00:00:14]} 28.
Nd3 {[%clk 00:05:41]} {[%emt 00:03:27]} a5 {[%clk 00:31:39]} {[%emt 00:02:01]}
29. a3 {[%clk 00:05:04]} {[%emt 00:01:09]} Rc7 {[%clk 00:31:14]} {[%emt
00:00:55]} 30. Nc5 {[%clk 00:04:35]} {[%emt 00:00:59]} Bf7 {[%clk 00:31:28]}
{[%emt 00:00:16]} 31. Re5 {[%clk 00:04:09]} {[%emt 00:00:56]} Qe7 {[%clk
00:28:01]} {[%emt 00:03:57]} 32. Rhe1 {[%clk 00:03:33]} {[%emt 00:01:07]} Rxc5
{[%clk 00:27:28]} {[%emt 00:01:02]} 33. dxc5 {[%clk 00:03:58]} {[%emt
00:00:05]} Qxc5+ {[%clk 00:27:52]} {[%emt 00:00:06]} 34. R5e3 {[%clk 00:02:53]}
{[%emt 00:01:36]} a4 {[%clk 00:27:20]} {[%emt 00:01:02]} 35. Qd4+ {[%clk
00:01:50]} {[%emt 00:01:34]} Qxd4 {[%clk 00:27:48]} {[%emt 00:00:02]} 36. cxd4
{[%clk 00:02:18]} Rc6 {[%clk 00:28:04]} {[%emt 00:00:15]} 37. b3 {[%clk
00:01:37]} {[%emt 00:01:12]} Kf6 {[%clk 00:28:20]} {[%emt 00:00:13]} 38. bxa4
{[%clk 00:01:13]} {[%emt 00:00:55]} bxa4 {[%clk 00:28:48]} {[%emt 00:00:02]}
39. Rb1 {[%clk 00:01:23]} {[%emt 00:00:19]} Rc2+ {[%clk 00:28:56]} {[%emt
00:00:22]} 40. Kf3 {[%clk 00:01:28]} {[%emt 00:00:26]} Rd2 {[%clk 00:27:35]}
{[%emt 00:01:51]} 41. Rb4 {[%clk 00:00:54]} {[%emt 00:01:04]} Be8 {[%clk
00:28:03]} 42. Rc3 {[%clk 00:28:20]} {[%emt 00:03:05]} g5 {[%clk 00:56:16]}
{[%emt 00:02:17]} 43. fxg5+ {[%clk 00:21:42]} {[%emt 00:07:08]} Kxg5 {[%emt
00:00:14]} 44. Rc8 {[%clk 00:20:52]} {[%emt 00:01:14]} Bd7 {[%clk 00:56:52]}
{[%emt 00:00:15]} 45. Rd8 {[%clk 00:19:53]} {[%emt 00:01:30]} 1-0

[Event "DEM U16 2024"]
[Site "Willingen GER"]
[Date "2024.05.22"]
[Round "6"]
[White "Göpfert, Gregor"]
[Black "Oldenburg, Max Leonard"]
[Result "1/2-1/2"]
[Termination "normal"]
[Board "12"]
[WhiteElo "1732"]
[BlackElo "1753"]
[WhiteClock "00:04:00"]
[BlackClock "00:12:01"]
[PlyCount "73"]
[WhiteFideId "34603964"]
[BlackFideId "34660348"]
[EventCountry "GER"]
[EventRounds "9"]
[EventType "swiss"]
[EventDate "2024.05.18"]

1. e4 {[%clk 01:30:58]} {[%emt 00:00:02]} c6 {[%clk 01:31:00]} 2. Nf3 {[%clk
01:30:54]} {[%emt 00:00:35]} d5 {[%clk 01:31:23]} {[%emt 00:00:07]} 3. d3
{[%clk 01:31:14]} {[%emt 00:00:10]} Bg4 {[%clk 01:31:20]} {[%emt 00:00:33]} 4.
h3 {[%clk 01:30:03]} {[%emt 00:01:40]} Bh5 {[%clk 01:31:49]} {[%emt 00:00:02]}
5. Nc3 {[%clk 01:29:10]} {[%emt 00:01:23]} e6 {[%clk 01:30:07]} {[%emt
00:02:12]} 6. g4 {[%clk 01:26:21]} {[%emt 00:03:19]} Bg6 {[%clk 01:30:34]}
{[%emt 00:00:03]} 7. h4 {[%clk 01:26:34]} {[%emt 00:00:17]} dxe4 {[%clk
01:28:59]} {[%emt 00:02:06]} 8. h5 {[%clk 01:26:46]} {[%emt 00:00:17]} exf3
{[%clk 01:25:35]} {[%emt 00:03:54]} 9. hxg6 {[%clk 01:27:09]} {[%emt 00:00:07]}
fxg6 {[%clk 01:25:34]} {[%emt 00:00:31]} 10. Qxf3 {[%clk 01:27:22]} {[%emt
00:00:17]} Qf6 {[%clk 01:24:47]} {[%emt 00:01:14]} 11. Qg3 {[%clk 01:23:12]}
{[%emt 00:04:44]} Bb4 {[%clk 01:18:52]} {[%emt 00:06:25]} 12. Bd2 {[%clk
01:22:54]} {[%emt 00:00:48]} Qe7 {[%clk 01:09:36]} {[%emt 00:09:46]} 13. O-O-O
{[%clk 01:21:19]} {[%emt 00:02:06]} Nf6 {[%clk 01:03:53]} {[%emt 00:06:11]} 14.
Bg2 {[%clk 01:16:58]} {[%emt 00:04:52]} Bd6 {[%clk 00:59:53]} {[%emt 00:04:29]}
15. Qh3 {[%clk 01:10:21]} {[%emt 00:07:07]} Nbd7 {[%clk 00:56:01]} {[%emt
00:04:23]} 16. Rde1 {[%clk 01:06:14]} {[%emt 00:04:37]} O-O-O {[%clk 00:46:13]}
{[%emt 00:10:19]} 17. g5 {[%clk 00:53:19]} {[%emt 00:13:24]} Nh5 {[%clk
00:45:55]} {[%emt 00:00:48]} 18. Qxe6 {[%clk 00:53:02]} {[%emt 00:00:48]} Qxe6
{[%clk 00:45:05]} {[%emt 00:01:20]} 19. Rxe6 {[%clk 00:53:24]} {[%emt
00:00:08]} Bf4 {[%clk 00:43:55]} {[%emt 00:01:40]} 20. Re7 {[%clk 00:41:58]}
{[%emt 00:11:56]} Bxd2+ {[%clk 00:41:19]} {[%emt 00:03:07]} 21. Kxd2 {[%clk
00:41:44]} {[%emt 00:00:44]} Rhf8 {[%clk 00:40:53]} {[%emt 00:00:54]} 22. Ne4
{[%clk 00:40:26]} {[%emt 00:01:50]} Nb6 {[%clk 00:39:28]} {[%emt 00:01:55]} 23.
Bh3+ {[%clk 00:34:14]} {[%emt 00:06:42]} Kb8 {[%clk 00:39:35]} {[%emt
00:00:23]} 24. Be6 {[%clk 00:32:06]} {[%emt 00:02:38]} Nd5 {[%clk 00:36:42]}
{[%emt 00:03:22]} 25. Rd7 {[%clk 00:31:06]} {[%emt 00:01:31]} Rxd7 {[%clk
00:35:19]} {[%emt 00:01:53]} 26. Bxd7 {[%clk 00:31:24]} {[%emt 00:00:13]} Kc7
{[%clk 00:34:48]} {[%emt 00:00:59]} 27. Bg4 {[%clk 00:31:35]} {[%emt 00:00:20]}
Ndf4 {[%clk 00:34:35]} {[%emt 00:00:43]} 28. a4 {[%clk 00:29:46]} {[%emt
00:02:20]} Rd8 {[%clk 00:28:00]} {[%emt 00:07:02]} 29. Ng3 {[%clk 00:25:25]}
{[%emt 00:04:53]} Rd5 {[%clk 00:23:34]} {[%emt 00:04:55]} 30. Bxh5 {[%clk
00:24:22]} {[%emt 00:01:35]} Nxh5 {[%clk 00:22:36]} {[%emt 00:01:28]} 31. Ne4
{[%clk 00:14:44]} {[%emt 00:10:07]} b6 {[%clk 00:22:02]} {[%emt 00:01:03]} 32.
Kc3 {[%clk 00:12:55]} {[%emt 00:02:20]} Rf5 {[%clk 00:21:08]} {[%emt 00:01:24]}
33. Kc4 {[%clk 00:08:58]} {[%emt 00:04:26]} h6 {[%clk 00:15:52]} {[%emt
00:05:47]} 34. Kd4 {[%clk 00:04:55]} {[%emt 00:04:33]} hxg5 {[%clk 00:15:42]}
{[%emt 00:00:40]} 35. Rg1 {[%clk 00:04:14]} {[%emt 00:01:10]} Nf6 {[%clk
00:15:11]} {[%emt 00:01:00]} 36. Rxg5 {[%clk 00:04:00]} {[%emt 00:00:45]} c5+
{[%clk 00:12:01]} {[%emt 00:03:39]} 37. Ke3 {[%emt 00:01:22]} 1/2-1/2

[Event "DEM U16 2024"]
[Site "Willingen GER"]
[Date "2024.05.22"]
[Round "6"]
[White "Mader, Fabian"]
[Black "Asmussen, Johann"]
[Result "1-0"]
[Termination "normal"]
[Board "13"]
[WhiteElo "1984"]
[BlackElo "1568"]
[WhiteClock "00:53:35"]
[BlackClock "00:30:51"]
[PlyCount "83"]
[WhiteFideId "16265866"]
[BlackFideId "16273486"]
[EventCountry "GER"]
[EventRounds "9"]
[EventType "swiss"]
[EventDate "2024.05.18"]

1. e4 {[%clk 01:30:58]} {[%emt 00:00:01]} e5 {[%clk 01:30:56]} {[%emt
00:00:04]} 2. Nf3 {[%clk 01:31:23]} {[%emt 00:00:05]} Nc6 {[%clk 01:31:21]}
{[%emt 00:00:05]} 3. Bc4 {[%clk 01:31:46]} {[%emt 00:00:07]} Bc5 {[%clk
01:31:41]} {[%emt 00:00:10]} 4. c3 {[%clk 01:32:09]} {[%emt 00:00:07]} Nf6
{[%clk 01:31:50]} {[%emt 00:00:22]} 5. d3 {[%clk 01:32:32]} {[%emt 00:00:06]}
d6 {[%clk 01:31:24]} {[%emt 00:00:56]} 6. a4 {[%clk 01:32:42]} {[%emt
00:00:21]} a6 {[%clk 01:30:48]} {[%emt 00:01:05]} 7. O-O {[%clk 01:33:00]}
{[%emt 00:00:13]} h6 {[%clk 01:31:00]} {[%emt 00:00:18]} 8. Re1 {[%clk
01:32:58]} {[%emt 00:00:31]} Bg4 {[%clk 01:30:04]} {[%emt 00:01:26]} 9. Nbd2
{[%clk 01:32:50]} {[%emt 00:00:38]} Ba7 {[%clk 01:30:10]} {[%emt 00:00:24]} 10.
Nf1 {[%clk 01:30:37]} {[%emt 00:02:42]} O-O {[%clk 01:24:36]} {[%emt 00:06:04]}
11. Ng3 {[%clk 01:26:43]} {[%emt 00:04:25]} Qd7 {[%clk 01:17:48]} {[%emt
00:07:17]} 12. h3 {[%clk 01:24:33]} {[%emt 00:02:41]} Be6 {[%clk 01:17:46]}
{[%emt 00:00:31]} 13. Bxe6 {[%clk 01:23:51]} {[%emt 00:01:12]} fxe6 {[%clk
01:18:07]} {[%emt 00:00:09]} 14. Be3 {[%clk 01:21:16]} {[%emt 00:03:05]} Bxe3
{[%clk 01:16:35]} {[%emt 00:02:02]} 15. Rxe3 {[%clk 01:21:36]} {[%emt
00:00:10]} Qf7 {[%clk 01:12:48]} {[%emt 00:04:17]} 16. d4 {[%clk 01:15:44]}
{[%emt 00:06:22]} exd4 {[%clk 01:11:54]} {[%emt 00:01:24]} 17. cxd4 {[%clk
01:13:29]} {[%emt 00:02:45]} Nd7 {[%clk 01:07:57]} {[%emt 00:04:27]} 18. Qd2
{[%clk 01:07:51]} {[%emt 00:06:09]} e5 {[%clk 01:05:58]} {[%emt 00:02:28]} 19.
Nf5 {[%clk 01:07:17]} {[%emt 00:01:04]} Ne7 {[%clk 00:59:21]} {[%emt 00:07:07]}
20. N3h4 {[%clk 01:06:02]} {[%emt 00:01:46]} Nxf5 {[%clk 00:59:33]} {[%emt
00:00:18]} 21. Nxf5 {[%clk 01:06:26]} {[%emt 00:00:05]} Kh7 {[%clk 00:58:33]}
{[%emt 00:01:31]} 22. Rg3 {[%clk 01:05:40]} {[%emt 00:01:16]} Rg8 {[%clk
00:57:55]} {[%emt 00:01:07]} 23. Raa3 {[%clk 01:05:39]} {[%emt 00:00:31]} exd4
{[%clk 00:55:09]} {[%emt 00:03:17]} 24. Rxg7+ {[%clk 00:59:21]} {[%emt
00:06:48]} Rxg7 {[%clk 00:52:27]} {[%emt 00:03:12]} 25. Qxh6+ {[%clk 00:59:46]}
{[%emt 00:00:05]} Kg8 {[%clk 00:52:33]} {[%emt 00:00:23]} 26. Nxg7 {[%clk
01:00:04]} {[%emt 00:00:12]} Qxg7 {[%clk 00:52:53]} {[%emt 00:00:10]} 27. Rg3
{[%clk 01:00:28]} {[%emt 00:00:06]} Qxg3 {[%clk 00:52:17]} {[%emt 00:01:06]}
28. Qe6+ {[%clk 01:00:15]} {[%emt 00:00:44]} Kh8 {[%clk 00:49:52]} {[%emt
00:02:54]} 29. fxg3 {[%clk 01:00:39]} {[%emt 00:00:07]} Ne5 {[%clk 00:46:32]}
{[%emt 00:03:50]} 30. Qd5 {[%clk 00:56:24]} {[%emt 00:04:44]} Nc6 {[%clk
00:46:10]} {[%emt 00:00:52]} 31. g4 {[%clk 00:55:28]} {[%emt 00:01:27]} Rg8
{[%clk 00:45:20]} {[%emt 00:01:19]} 32. h4 {[%clk 00:54:57]} {[%emt 00:01:02]}
Rg6 {[%clk 00:39:07]} {[%emt 00:06:40]} 33. g5 {[%clk 00:54:47]} {[%emt
00:00:43]} Rg7 {[%clk 00:37:51]} {[%emt 00:01:45]} 34. h5 {[%clk 00:54:28]}
{[%emt 00:00:49]} Re7 {[%clk 00:37:28]} {[%emt 00:00:52]} 35. g6 {[%clk
00:53:18]} {[%emt 00:01:42]} Ne5 {[%clk 00:35:18]} {[%emt 00:02:40]} 36. Qxd4
{[%clk 00:53:00]} {[%emt 00:00:48]} Re6 {[%clk 00:34:54]} {[%emt 00:00:53]} 37.
Qf2 {[%clk 00:52:35]} {[%emt 00:00:56]} Kg7 {[%emt 00:00:54]} 38. Qf5 {[%clk
00:52:34]} {[%emt 00:00:18]} Re8 {[%clk 00:31:13]} {[%emt 00:03:59]} 39. Qg5
{[%clk 00:52:29]} {[%emt 00:00:35]} Rg8 {[%clk 00:30:42]} {[%emt 00:00:56]} 40.
h6+ {[%clk 00:52:47]} {[%emt 00:00:17]} Kh8 {[%clk 00:30:50]} {[%emt 00:00:22]}
41. Qf6+ {[%clk 00:53:11]} {[%emt 00:00:07]} Rg7 {[%clk 00:30:51]} {[%emt
00:00:29]} 42. Qxg7# {[%clk 00:53:35]} {[%emt 00:00:06]} 1-0

[Event "DEM U16 2024"]
[Site "Willingen GER"]
[Date "2024.05.24"]
[Round "8"]
[White "Semling, Julius"]
[Black "von Mettenheim, Johannes"]
[Result "0-1"]
[Termination "normal"]
[Board "1"]
[WhiteElo "2204"]
[BlackElo "2293"]
[WhiteClock "00:30:21"]
[BlackClock "00:15:19"]
[PlyCount "84"]
[WhiteFideId "16290160"]
[BlackFideId "16244818"]
[EventCountry "GER"]
[EventRounds "9"]
[EventType "swiss"]
[EventDate "2024.05.18"]

1. e4 {[%clk 01:30:57]} {[%emt 00:00:03]} e5 {[%clk 01:30:56]} {[%emt
00:00:04]} 2. Nf3 {[%clk 01:31:20]} {[%emt 00:00:07]} Nc6 {[%clk 01:31:23]}
{[%emt 00:00:03]} 3. Bc4 {[%clk 01:31:35]} {[%emt 00:00:16]} Nf6 {[%clk
01:31:48]} {[%emt 00:00:04]} 4. d3 {[%clk 01:31:52]} {[%emt 00:00:14]} Bc5
{[%clk 01:32:14]} {[%emt 00:00:04]} 5. c3 {[%clk 01:32:06]} {[%emt 00:00:16]}
O-O {[%clk 01:32:38]} {[%emt 00:00:06]} 6. O-O {[%clk 01:31:55]} {[%emt
00:00:40]} d5 {[%clk 01:33:04]} {[%emt 00:00:04]} 7. exd5 {[%clk 01:32:14]}
{[%emt 00:00:10]} Nxd5 {[%clk 01:33:30]} {[%emt 00:00:05]} 8. Re1 {[%clk
01:31:52]} {[%emt 00:00:52]} Bg4 {[%clk 01:33:55]} {[%emt 00:00:05]} 9. h3
{[%clk 01:31:40]} {[%emt 00:00:43]} Bh5 {[%clk 01:34:19]} {[%emt 00:00:06]} 10.
Nbd2 {[%clk 01:31:06]} {[%emt 00:01:04]} Nb6 {[%clk 01:34:43]} {[%emt
00:00:06]} 11. Bb3 {[%clk 01:31:27]} {[%emt 00:00:08]} Qxd3 {[%clk 01:35:06]}
{[%emt 00:00:07]} 12. Nxe5 {[%clk 01:31:43]} {[%emt 00:00:14]} Qf5 {[%clk
01:35:32]} {[%emt 00:00:05]} 13. Nef3 {[%clk 01:30:15]} {[%emt 00:01:57]} Rae8
{[%clk 01:35:57]} {[%emt 00:00:05]} 14. g4 {[%clk 01:04:54]} {[%emt 00:25:52]}
Bxg4 {[%clk 01:35:36]} {[%emt 00:00:51]} 15. hxg4 {[%clk 01:03:41]} {[%emt
00:01:42]} Qxg4+ {[%clk 01:36:00]} {[%emt 00:00:06]} 16. Kh1 {[%clk 01:02:14]}
{[%emt 00:01:57]} Bxf2 {[%clk 01:28:45]} {[%emt 00:07:45]} 17. Rxe8 {[%clk
00:48:54]} {[%emt 00:13:50]} Rxe8 {[%clk 01:02:22]} {[%emt 00:26:53]} 18. Nh2
{[%clk 00:29:10]} {[%emt 00:20:15]} Qg3 {[%clk 00:56:09]} {[%emt 00:06:42]} 19.
Ndf3 {[%clk 00:18:50]} {[%emt 00:10:49]} Re1+ {[%clk 00:40:58]} {[%emt
00:15:41]} 20. Qxe1 {[%clk 00:19:19]} {[%emt 00:00:02]} Bxe1 {[%clk 00:41:22]}
{[%emt 00:00:06]} 21. Bg5 {[%clk 00:19:28]} {[%emt 00:00:21]} h6 {[%clk
00:31:26]} {[%emt 00:10:26]} 22. Bh4 {[%clk 00:17:45]} {[%emt 00:02:13]} Qxh4
{[%clk 00:31:51]} {[%emt 00:00:05]} 23. Nxh4 {[%clk 00:18:04]} {[%emt
00:00:10]} Bxh4 {[%clk 00:32:19]} {[%emt 00:00:03]} 24. Ng4 {[%clk 00:14:42]}
{[%emt 00:03:51]} h5 {[%clk 00:26:07]} {[%emt 00:06:42]} 25. Ne3 {[%clk
00:13:15]} {[%emt 00:01:56]} g6 {[%clk 00:20:36]} {[%emt 00:06:03]} 26. Rf1
{[%clk 00:04:47]} {[%emt 00:08:57]} Ne5 {[%clk 00:20:16]} {[%emt 00:00:49]} 27.
Ng2 {[%clk 00:04:37]} {[%emt 00:00:42]} Be7 {[%clk 00:19:12]} {[%emt 00:01:34]}
28. Nf4 {[%clk 00:03:23]} {[%emt 00:01:43]} Kg7 {[%clk 00:18:19]} {[%emt
00:01:23]} 29. Rg1 {[%clk 00:02:25]} {[%emt 00:01:28]} Kh6 {[%clk 00:15:36]}
{[%emt 00:03:13]} 30. Re1 {[%clk 00:01:41]} {[%emt 00:01:14]} Bd6 {[%clk
00:15:53]} {[%emt 00:00:14]} 31. Rf1 {[%clk 00:01:18]} {[%emt 00:00:53]} Nbc4
{[%clk 00:14:57]} {[%emt 00:01:26]} 32. Nd3 {[%clk 00:00:36]} {[%emt 00:01:11]}
Nd2 {[%clk 00:13:10]} {[%emt 00:02:17]} 33. Rf2 {[%clk 00:00:34]} {[%emt
00:00:32]} Ne4 {[%clk 00:12:15]} {[%emt 00:01:25]} 34. Nxe5 {[%clk 00:00:33]}
{[%emt 00:00:31]} Nxf2+ {[%clk 00:12:42]} {[%emt 00:00:04]} 35. Kg2 {[%clk
00:01:01]} {[%emt 00:00:01]} Bxe5 {[%clk 00:13:00]} {[%emt 00:00:12]} 36. Kxf2
{[%clk 00:01:25]} {[%emt 00:00:06]} f5 {[%clk 00:13:27]} {[%emt 00:00:04]} 37.
Kg2 {[%clk 00:01:12]} {[%emt 00:00:43]} g5 {[%clk 00:13:45]} {[%emt 00:00:12]}
38. Be6 {[%clk 00:01:06]} {[%emt 00:00:35]} Kg6 {[%clk 00:14:05]} {[%emt
00:00:10]} 39. Bc8 {[%clk 00:00:56]} {[%emt 00:00:40]} b6 {[%clk 00:14:32]}
{[%emt 00:00:04]} 40. Bd7 {[%clk 00:00:59]} {[%emt 00:00:27]} g4 {[%clk
00:14:57]} {[%emt 00:00:05]} 41. Bc8 {[%clk 00:00:40]} {[%emt 00:00:48]} Kg5
{[%clk 00:15:19]} {[%emt 00:00:08]} 42. Bd7 {[%clk 00:30:21]} {[%emt 00:00:49]}
h4 {[%emt 00:01:40]} 0-1